| 000 | 01107nam1a2200277 4500 | ||
|---|---|---|---|
| 001 | RU\NLR\BIBL_A\016211778 | ||
| 005 | 20250807185139.0 | ||
| 035 | _a(NLR Aleph) 016211778 | ||
| 090 |
_a77416 _c77416 |
||
| 100 | _a20221118d1945 c y0rusy50 ca | ||
| 101 | 0 | _aava | |
| 102 | _aRU | ||
| 105 | _aa j 000zy | ||
| 200 | 1 |
_aЦIалул тIехь _eбайбихьул школалъул _fГI. Д. ХIусейнов ва Г. И. Мадиева |
|
| 210 |
_aМахачкала _cДагучпедгиз _d1945 |
||
| 215 |
_a123,[1] с. _d21 |
||
| 541 | 1 |
_6z01790 _aКнига для чтения _eдля начальной школы _zrus |
|
| 606 | 1 |
_aАварский язык _jКниги для чтения _2nlr_sh1 _2nlr_sh2 _3RU\NLR\AUTH\66110089 |
|
| 689 | 1 | _aШ160.321-94 | |
| 700 | 1 |
_aХӀусейнов _bГӀ. _gГӀумар _4070 |
|
| 790 | 1 |
_6z01541 _aГусейнов _bО. Д _gОмар Дибирович _4070 |
|
| 852 |
_aNLR _bОНЛ _jАвар./3-191 |
||
| 942 | _cBOOK | ||
| 945 | _aРоссийская национальная библиотека | ||
| 980 | _aBV | ||